000 01033cam a2200217 4500
001 WB@3612-816
008 040916n2004 000 0 eng u
035 _a(Sirsi) u127437
245 _aRural estates
260 _c2004
490 _aFPD Savills Research
_v(05-04) 3 September 2004 (4)
520 _aThe latest "Estate benchmarking survey: 2004" has been published by FPDSavills on its website. The survey collects data from over 700 000 acres of lowland Britain, including 3 000 farms, 8 000 houses and over 600 000 sq ft of office, industrial and retail workspace. In the year to April 2004 average gross income on all estates rose by 5.7% to £125 per acre. In contrast, total income from commercial and leisure fell by 5.6% in 2004, around £16 per acre. http://www.fpdsavills.co.uk/research.asp?category= Rural&dateFrom=&dateTo=
590 _aWB
590 _aWB
650 _aRURAL ESTATE
650 _aBENCHMARKING
650 _aOFFICE RENTS
650 _aFPDSAVILLS
690 _aRURAL-MARKET
942 _n0
999 _c118012
_d118012